Classement UEFA (clubs) - Statistiques

Statistiques générales
  • Ce quiz a été pris 230 fois
  • Le résultat moyen est 25 sur 30
Statistiques - réponses
Classement Nombre de points Championnat Pays % Correct
2 122.250 Bundesliga Bayern Munich
100%
6 106.500 Ligue 1 Paris-Saint-Germain
100%
1 129.500 Laliga Real Madrid
100%
3 121.250 Serie A Inter Milan
99%
4 115.750 Premier League Manchester City
99%
25 66.000 Serie A AC Milan
98%
7 95.750 Bundesliga Borussia Dortmund
98%
9 94.250 Laliga FC Barcelone
97%
5 113.500 Premier League Liverpool
97%
26 62.250 Serie A Juventus
96%
10 89.000 Premier League Arsenal
95%
11 87.500 Laliga Atlético Madrid
95%
16 76.500 Premier League Manchester United
94%
28 61.750 Liga Portugal FC Porto
93%
12 87.000 Premier League Chelsea
92%
14 83.750 Liga Portugal Benfica Lisbonne
91%
30 60.000 Serie A SSC Napoli
90%
13 84.500 Serie A AS Roma
88%
8 95.250 Bundesliga Bayer Leverkusen
87%
22 67.500 Liga Portugal Sporting CP
87%
27 62.000 Ligue 1 Lille OSC
80%
19 69.250 Eredivisie PSV Eindhoven
79%
23 67.250 Premier League Tottenham
76%
29 61.000 Bundesliga RB Leipzig
68%
18 69.750 Jupiler Pro League Club Brugge
67%
20 69.000 Eredivisie Feyenoord Rotterdam
67%
17 76.000 Serie A Atalanta Bergame
61%
15 83.000 Bundesliga Eintracht Francfort
60%
24 66.000 Serie A Fiorentina
50%
21 69.000 Premier League West Ham
43%
Aucun quiz correspondant
Distribution des résultats
% des personnes avec chaque résultat
Percentile par nombre de réponses
Votre historique - résultats
Vous n’avez pas pris ce quiz